00383nam a2200145Ia 4500008004100000082001700041100002900058245004100087250000800128260002500136300001300161500002400174650001600198700002300214230524s9999 xx 000 0 und d a621.382bSRI aGanesh Prasad Srivastava 0aMicrowave Devices and Circuit Design a1ST aNEW DELHIbPHIc2006 aVIII;470 aQuantity Number: 3 aElectronics a Vijay Laxmi Gupta